00667nam a2200157Ia 4500008004100000100001600041245009200057245013900149260004900288260000900337300001000346650001300356856004800369999001900417952007300436170221s9999 xx 000 0 und d aAlan Harper aPrice volatility in the silver spot market: an empirical study using Garch applications cAlan Harper, South University; Zhenhu Jin, Valparaiso University; Raufu Sokunle, UBS Investment Bank; Manish Wadhwa, South University. bJournal of Management and Marketing Research c2016 a5 : 5 xBusiness uhttp://www.aabri.com/manuscripts/131499.pdf c313484d313484 001040aCLbCLd2017-02-21l0r2017-02-21 00:00:00w2017-02-21yFOJ